| 000 | 01248nam0a22002651 4500 | ||
|---|---|---|---|
| 001 | rc\4549572 | ||
| 005 | 20260408000202.0 | ||
| 021 |
_aRU _b[65-62866] |
||
| 035 | _a(NLR Aleph) 008640418 | ||
| 090 |
_a8938713 _c8938713 |
||
| 100 | _a20130416d1965 |||y0rusy50 ca | ||
| 101 | 0 | _arus | |
| 102 | _aRU | ||
| 105 | _ay c ||||| | ||
| 200 | 1 |
_aВременные указания по применению добавки раствора хлорного железа к строительным растворам для устройства гидроизоляционной стяжки в санитарных узлах _eВСН 20-61 _eУтв. 27/II 1961 г. _e[Срок введения 1 апр. 1961г.] _fМ-во строительства Латв. ССР |
|
| 210 |
_aРига _cБ. и. _d1965 |
||
| 215 |
_a14 с. _d20 |
||
| 606 |
_aПерекрытия _xГидроизоляция _2psbo |
||
| 606 |
_aСтроительные растворы _xДобавки хлористых солей _2psbo |
||
| 710 | 0 | 1 |
_aЛатвССР _bМинистерство строительства _9823735 _3RU\NLR\AUTH\8810163860 |
| 801 | 0 |
_aRU _bNLR _gpsbo |
|
| 801 | 1 |
_aRU _bELAR _2rusmarc |
|
| 852 |
_aNLR _jПт 80/175-20-61 |
||
| 942 | _cBOOK | ||
| 980 | _aNB | ||